Le meilleur buteur de chaque édition de la Coupe du monde - Statistiques

Statistiques générales
  • Ce quiz a été pris 334 fois
  • Le résultat moyen est 10 sur 22
Statistiques - réponses
Année,buts,nationalité Joueurs % Correct
2022 8 Buts France Kilian Mbappe
99%
2002 8 Buts Brésil Ronaldo
96%
2018 6 Buts Angleterre Harry Kane
94%
1970 10 Buts Allemagne Gerd Muller
90%
2010 5 Buts Allemagne Thomas Muller
90%
2014 5 Buts Colombie James Rodriguez
86%
2006 5 Buts Allemagne Miroslav Klose
81%
1958 13 Buts France Just Fontaine
72%
1966 9 Buts Portugal Eusebio
63%
1998 6 Buts Croatie Suker
57%
1982 6 Buts Italie Rossi
30%
1986 6 Buts Angleterre Lineker
29%
1978 6 Buts Argentine Kempes
22%
1954 11 Buts Hongrie Kocsis
12%
1974 7 Buts Pologne Lato
11%
1938 8 Buts Brésil Leonidas
9%
1990 6 Buts Italie Schilacci
7%
1930 8 Buts Argentin Stabile
6%
1950 9 Buts Brésil Ademir
5%
1994 6 Buts Russie,Bulgarie Salenko,Stoichkov
2%
1934 5 Buts Tchecoslovaquie Nejedly
1%
1962 4Buts Yougoslavie,Brésil,Chili,Hongrie,URSS Jerkovic,Garrincha,Vava,Sanchez,Albert,Ivanov
0%
Aucun quiz correspondant
Distribution des résultats
% des personnes avec chaque résultat
Percentile par nombre de réponses
Votre historique - résultats
Vous n’avez pas pris ce quiz